00461nam a2200169 a 450000100060000000300090000600800410001502000140005604000280007008200180009810000200011624500550013626000400019130000130023165000260024465000210027012008CO-ViMGA141112s2004 ck r 000 u spa d a840375924 aCO-ViMGAbspacCO-ViMGA04aCh 863.6 A5531 aAllende, Isabel10aAfrodita : bCuentos, recetas y otros afrodisiacos aBarcelona : bPlaza y Janes, c1997 a323p, il14aAMOR EN LA LITERATURA14aCUENTOS CHILENOS